000 00716na a2200253 4500
001 18651
003 MIRAKIL
005 20181213154921.0
008 161123b tu 000 0
020 _a975191180X
035 _a18651
040 _aMilas
_btur
_cTR-AnCHP
041 _atur
082 _a334
_bT34t 1996
090 _a334 T34t 1996
100 _aTekeli, İlhan
245 _aTürkiye'de yaşamda ve yazında konut sorununun gelişimi
_cİlhan Tekeli
260 _aAnkara
_bT.C. Başbakanlık Toplu Konut İdaresi Başkanlığı
_c1996
300 _a210 s.
_c24 sm.
500 _aKaynakça var.
650 _aKonut sorunu
_zTürkiye
650 _aKonut politikası
_zTürkiye
942 _2dcc
_cBKS
999 _c3128
_d3128